| 000 | 00472nam a2200193Ia 4500 | ||
|---|---|---|---|
| 008 | 170203s9999 xx 000 0 und d | ||
| 020 | _a9780545365772 | ||
| 050 | _a609.2 | ||
| 050 | _b.K48t 2012 | ||
| 100 | _aMcClafferty, Carla Killough | ||
| 245 | _aTech Titans / | ||
| 245 | _cCarla Killough McClafferty. | ||
| 260 | _aUnited States : | ||
| 260 | _bScholastic Inc, | ||
| 260 | _c2012 | ||
| 300 | _a144 pages : | ||
| 300 | _bcol. ill. ; | ||
| 300 | _c18 cm. | ||
| 999 |
_c305478 _d305478 |
||